Pojistný obzor časopis českého pojišťovnictví

Saved in:
Bibliographic Details
Format: Serial
Language:Czech
Published: Praha Česká asociace pojišťoven 2008
Subjects:
Tags: Add Tag
No Tags, Be the first to tag this record!

MARC

LEADER 00000nas2a2200000 4500
001 0147955
005 20120215095442.4
022 |a 0032-2393 
041 0 |a cze 
044 |a CZ 
245 1 0 |a Pojistný obzor  |b časopis českého pojišťovnictví 
264 1 |a Praha  |b Česká asociace pojišťoven  |c 2008 
773 0 |w eu_un_cat*s120012 
610 2 0 |a poistenie 
610 2 0 |a poisťovníctvo